[Event "Grand Tour Leg 1 Open"]
[Site "Calgary CAN"]
[Date "2023.09.26"]
[Round "3"]
[White "Carefoot, MacAulay"]
[Black "Sazon, Omar"]
[Result "0-1"]
[WhiteElo "1403"]
[BlackElo "1664"]
[PlyCount "82"]
[EventDate "2023.09.12"]
[EventType "swiss"]
[EventRounds "5"]
[EventCountry "CAN"]

1. e4 c5 2. c3 Nf6 3. e5 Nd5 4. Bc4 Nb6 5. Bb3 c4 6. Bc2 Nc6 7. Nf3 g6 8. d4
cxd3 9. Qxd3 Bg7 10. Bf4 Qc7 11. Qe4 Qd8 12. O-O O-O 13. h4 d6 14. exd6 e5 15.
Bg3 Qxd6 16. Rd1 Qe7 17. h5 f5 18. Qe2 g5 19. Nbd2 g4 20. Ne1 Be6 21. f3 f4 22.
Bf2 g3 23. Bxb6 axb6 24. Qe4 Bf5 25. Qc4+ Kh8 26. Ne4 Be6 27. Qd3 Rad8 28. Qb5
Rf5 29. Kf1 Rxh5 30. Rd3 Qc7 31. Rad1 Rh1+ 32. Ke2 Bc4 33. Qa4 b5 34. Qa3 Bf8
35. b4 Qb6 36. Kd2 Bxd3 37. Bxd3 Qe3+ 38. Kc2 Rxe1 39. Ng5 Rxd1 40. Nf7+ Kg7
41. Nxd8 Qxd3+ 0-1

[Event "Grand Tour Leg 1 Open"]
[Site "Calgary CAN"]
[Date "2023.09.26"]
[Round "3"]
[White "Haessel, Dale"]
[Black "Alpuri, Aaqil"]
[Result "1/2-1/2"]
[WhiteElo "2168"]
[BlackElo "1676"]
[PlyCount "101"]
[EventDate "2023.09.12"]
[EventType "swiss"]
[EventRounds "5"]
[EventCountry "CAN"]

1. d4 Nf6 2. c4 e6 3. Nc3 d5 4. cxd5 exd5 5. Bg5 Be7 6. e3 c6 7. Bd3 h6 8. Bh4
Be6 9. Nge2 a5 10. O-O O-O 11. f3 c5 12. Kh1 Nc6 13. Rc1 cxd4 14. Nxd4 Nxd4 15.
exd4 Rc8 16. Re1 Qb6 17. Rc2 Qd8 18. Rce2 Bb4 19. Qd2 Rc6 20. Bc2 Bd7 21. Qd3
g6 22. g4 Kg7 23. Bb3 Be6 24. Ba4 Rb6 25. Bc2 Bd7 26. Re5 Re8 27. R1e3 Bxc3 28.
bxc3 Rbe6 29. Kg2 Qb6 30. Bb3 Qd6 31. Qe2 Bc6 32. Bxf6+ Kxf6 33. f4 Kg7 34. Kg3
a4 35. Bc2 Rxe5 36. dxe5 Qa3 37. f5 Qc1 38. Qf2 gxf5 39. gxf5 Rg8 40. Kh4 Kf8
41. f6 d4 42. Rg3 Rxg3 43. Qxg3 Qxc2 44. Qg7+ Ke8 45. Qg8+ Kd7 46. Qxf7+ Kc8
47. Qg8+ Kc7 48. Qg3 Qe4+ 49. Kh3 Qf5+ 50. Kh4 Qe4+ 51. Kh3 1/2-1/2

[Event "Grand Tour Leg 1 Open"]
[Site "Calgary CAN"]
[Date "2023.09.26"]
[Round "3"]
[White "McCoshen, Ricky"]
[Black "Wu, Jonathan"]
[Result "0-1"]
[WhiteElo "1903"]
[BlackElo "2157"]
[PlyCount "96"]
[EventDate "2023.09.12"]
[EventType "swiss"]
[EventRounds "5"]
[EventCountry "CAN"]

1. d4 Nf6 2. c4 g6 3. Nc3 Bg7 4. Bg5 d6 5. e3 O-O 6. Be2 c5 7. Nf3 Bf5 8. O-O
Nc6 9. d5 Na5 10. Bd3 Bd7 11. e4 Ng4 12. Rc1 a6 13. Qe2 Rc8 14. Nd2 Ne5 15. Bb1
Qe8 16. h3 b5 17. b3 h6 18. Be3 g5 19. Kh2 bxc4 20. bxc4 g4 21. f4 gxf3 22.
gxf3 Rb8 23. f4 Ng6 24. Rg1 Kh8 25. Qh5 Rb2 26. Kh1 Kh7 27. f5 Rxd2 28. Bxd2
Nxc4 29. fxg6+ fxg6 30. Qe2 Ne5 31. Rg3 g5 32. Rf1 Rxf1+ 33. Qxf1 Qh5 34. Kg2
Kg8 35. Ne2 Bb5 36. Kf2 Ng6 37. Ke1 Qh4 38. Qf3 Be5 39. Be3 Bxe2 40. Kxe2 Bxg3
41. Qf5 Ne5 42. Bd3 Qh5+ 43. Kd2 c4 44. Qc8+ Kg7 45. Bxc4 Qf3 46. Bxa6 Qxe4 47.
Qe6 Qb4+ 48. Ke2 Qe1# 0-1

[Event "Grand Tour Leg 1 Open"]
[Site "Calgary CAN"]
[Date "2023.09.26"]
[Round "3"]
[White "Yumen, Rex"]
[Black "Chandra, Anand Rishi"]
[Result "0-1"]
[WhiteElo "1963"]
[BlackElo "2286"]
[PlyCount "52"]
[EventDate "2023.09.12"]
[EventType "swiss"]
[EventRounds "5"]
[EventCountry "CAN"]

1. Nf3 Nf6 2. b3 d5 3. Bb2 e6 4. e3 c5 5. Bb5+ Bd7 6. a4 a6 7. Bxd7+ Nbxd7 8.
O-O Bd6 9. c4 O-O 10. d3 e5 11. cxd5 Nxd5 12. Nc3 Nxc3 13. Bxc3 f5 14. d4 cxd4
15. exd4 e4 16. Ne5 Rc8 17. Rc1 Ba3 18. Nxd7 Bxc1 19. Nxf8 Rxc3 20. Ne6 Qd5 21.
Nc5 e3 22. fxe3 Bxe3+ 23. Kh1 Rc1 24. Qe2 Rxf1+ 25. Qxf1 Bxd4 26. Nd3 Qxb3 0-1

[Event "Grand Tour Leg 1 Open"]
[Site "Calgary CAN"]
[Date "2023.10.03"]
[Round "4"]
[White "Sheetz, Nathan"]
[Black "Bulga, Tamir"]
[Result "0-1"]
[WhiteElo "1392"]
[BlackElo "1878"]
[PlyCount "70"]
[EventDate "2023.09.12"]
[EventType "swiss"]
[EventRounds "5"]
[EventCountry "CAN"]

1. e4 c5 2. Nf3 e6 3. c3 d5 4. exd5 Qxd5 5. d4 Nc6 6. Be3 cxd4 7. Nxd4 Nf6 8.
c4 Bb4+ 9. Nd2 Qd7 10. Nxc6 Qxc6 11. a3 Be7 12. Nf3 O-O 13. Bd3 e5 14. O-O Qc7
15. Qc2 Bg4 16. Ng5 h6 17. Nh7 Nxh7 18. Bxh7+ Kh8 19. Be4 Be6 20. Rac1 Rac8 21.
c5 f5 22. Bf3 e4 23. Bh5 f4 24. Bd4 Bf5 25. Qc3 Bf6 26. Bxf6 Rxf6 27. Rfe1 Qe7
28. Qa5 Rfc6 29. Qxa7 Qg5 30. Be2 f3 31. Bxf3 exf3 32. g3 Qg4 33. Kh1 Qd4 34.
Qxb7 Qxf2 35. Rg1 Bh3 0-1

[Event "Grand Tour Leg 1 Open"]
[Site "Calgary CAN"]
[Date "2023.10.10"]
[Round "5"]
[White "Alpuri, Aaqil"]
[Black "McCoshen, Ricky"]
[Result "1-0"]
[WhiteElo "1676"]
[BlackElo "1903"]
[PlyCount "43"]
[EventDate "2023.09.12"]
[EventType "swiss"]
[EventRounds "5"]
[EventCountry "CAN"]

1. e4 c5 2. Nf3 d6 3. d4 cxd4 4. Nxd4 Nf6 5. f3 a6 6. c4 Nc6 7. Nc3 e6 8. Be3
Be7 9. Be2 Bd7 10. Qd2 h5 11. Rc1 Rc8 12. Nxc6 Bxc6 13. O-O O-O 14. Rfd1 Qd7
15. b4 Ba4 16. Nxa4 Qxa4 17. a3 Rfd8 18. Qb2 Nd7 19. Bd4 Bg5 20. Rc3 Ne5 21.
Rf1 Nc6 22. Bd1 1-0

[Event "Grand Tour Leg 1 Open"]
[Site "Calgary CAN"]
[Date "2023.10.10"]
[Round "5"]
[White "Chandra, Anand Rishi"]
[Black "Ming, Jerry"]
[Result "1-0"]
[WhiteElo "2286"]
[BlackElo "1793"]
[PlyCount "63"]
[EventDate "2023.09.12"]
[EventType "swiss"]
[EventRounds "5"]
[EventCountry "CAN"]

1. e4 c5 2. Nf3 e6 3. d4 cxd4 4. Nxd4 Nc6 5. Nc3 Qc7 6. g3 Nf6 7. Bg2 Nxd4 8.
Qxd4 Bc5 9. Qd3 d6 10. O-O a6 11. Bf4 Bd7 12. Rfd1 e5 13. Bg5 Be6 14. Bxf6 gxf6
15. Nd5 Bxd5 16. Qxd5 Qc6 17. Qd2 h5 18. h4 Rd8 19. Qe2 Qd7 20. Kh2 Ke7 21. Rd5
Qb5 22. c4 Qc6 23. b3 b5 24. Rc1 Qb6 25. b4 Bxb4 26. cxb5 Rc8 27. Rxc8 Rxc8 28.
bxa6 Ra8 29. Bf1 Bc5 30. Rd2 Qc6 31. Rb2 Ra7 32. Rb8 1-0

[Event "Grand Tour Leg 1 Open"]
[Site "Calgary CAN"]
[Date "2023.10.10"]
[Round "5"]
[White "Haessel, Dale"]
[Black "Srinivasan, Hemant"]
[Result "1-0"]
[WhiteElo "2168"]
[BlackElo "2113"]
[PlyCount "63"]
[EventDate "2023.09.12"]
[EventType "swiss"]
[EventRounds "5"]
[EventCountry "CAN"]

1. d4 d5 2. c4 e6 3. Nf3 Nf6 4. g3 Be7 5. Bg2 O-O 6. O-O c6 7. Qc2 b6 8. Nbd2
Bb7 9. e4 Na6 10. cxd5 cxd5 11. e5 Ne4 12. a3 Qd7 13. Ne1 Rac8 14. Qb1 Nxd2 15.
Bxd2 Rc4 16. Be3 Rfc8 17. f4 f5 18. exf6 Bxf6 19. Nf3 Rc2 20. Rf2 Qc6 21. Bh3
Kh8 22. Qe1 Rxf2 23. Bxf2 Qc2 24. Qxe6 Rf8 25. Re1 h6 26. Bf5 Qc8 27. Qd6 Qd8
28. Qxd8 Bxd8 29. Bg6 b5 30. Ne5 Kg8 31. Nd7 Ba5 32. b4 1-0

[Event "Grand Tour Leg 1 Open"]
[Site "Calgary CAN"]
[Date "2023.10.10"]
[Round "5"]
[White "Wang, April"]
[Black "Li, Jake"]
[Result "1/2-1/2"]
[WhiteElo "1448"]
[BlackElo "1458"]
[PlyCount "130"]
[EventDate "2023.09.12"]
[EventType "swiss"]
[EventRounds "5"]
[EventCountry "CAN"]

1. d4 d5 2. Bf4 Nf6 3. e3 Bf5 4. Nf3 Nbd7 5. c4 c6 6. Nc3 e6 7. h3 Bb4 8. Qb3
Bxc3+ 9. bxc3 Qb6 10. Be2 Qxb3 11. axb3 Ne4 12. Rc1 O-O 13. O-O c5 14. cxd5
exd5 15. dxc5 Ndxc5 16. Nd4 Bg6 17. Rfd1 Rac8 18. f3 Nxb3 19. Nxb3 Nxc3 20. Rd2
Nxe2+ 21. Rxe2 Rxc1+ 22. Nxc1 a5 23. Ra2 Ra8 24. Nb3 a4 25. Nc5 b5 26. Be5 f6
27. Bc3 Bf7 28. Ra3 Rc8 29. Bb4 Rd8 30. Rd3 g5 31. Na6 Rc8 32. Ba3 Rc4 33. Nb4
Rc5 34. e4 dxe4 35. fxe4 Re5 36. Nd5 Kg7 37. Nc7 Bg6 38. Rd5 Rxe4 39. Nxb5 Re2
40. Rd4 Be8 41. Nd6 Bc6 42. Rg4 Ra2 43. Rg3 Bd5 44. Nf5+ Kf7 45. Nd4 Bxg2 46.
Rxg2 Rxa3 47. Kh2 Rd3 48. Nb5 Rb3 49. Nd4 Rb4 50. Nc6 Rb6 51. Na5 Kg6 52. Ra2
h5 53. Rxa4 Ra6 54. Kg3 f5 55. Ra3 f4+ 56. Kf3 Kf5 57. Kf2 g4 58. hxg4+ hxg4
59. Kg2 g3 60. Kf3 Kg5 61. Ra4 Ra8 62. Ra3 Kf5 63. Ra4 Kg5 64. Ra1 Kf5 65. Rh1
Kg5 1/2-1/2

[Event "Grand Tour Leg 1 Open"]
[Site "Calgary CAN"]
[Date "2023.10.10"]
[Round "5"]
[White "Wang, Lucas"]
[Black "Sheetz, Nathan"]
[Result "1-0"]
[WhiteElo "1432"]
[BlackElo "1392"]
[PlyCount "23"]
[EventDate "2023.09.12"]
[EventType "swiss"]
[EventRounds "5"]
[EventCountry "CAN"]

1. d4 Nf6 2. Bf4 c5 3. e3 Qb6 4. Nf3 Qxb2 5. Nbd2 Qc3 6. Bd3 Nc6 7. dxc5 e6 8.
O-O Bxc5 9. Rb1 Be7 10. Nc4 Ng4 11. Rb3 Qf6 12. Bg5 1-0

[Event "Grand Tour Leg 1 Open"]
[Site "Calgary CAN"]
[Date "2023.10.10"]
[Round "5"]
[White "Wu, Jonathan"]
[Black "Soberov, Emil"]
[Result "0-1"]
[WhiteElo "2157"]
[BlackElo "2344"]
[PlyCount "58"]
[EventDate "2023.09.12"]
[EventType "swiss"]
[EventRounds "5"]
[EventCountry "CAN"]
[TimeControl "90+30"]

1. e4 c6 2. d4 d5 3. e5 Bf5 4. h4 h6 5. g4 Bd7 6. Nc3 h5 7. gxh5 Bf5 8. Nge2
Bg4 9. Bh3 Bxh3 10. Rxh3 e6 11. Ng3 c5 12. dxc5 Bxc5 13. Qg4 Kf8 14. Bg5 Qa5
15. Kf1 Nc6 16. Re1 Qb4 17. f4 Qd4 18. Nh1 Nh6 19. Qg2 Nf5 20. Rd3 Qc4 21. b3
Qa6 22. Nxd5 exd5 23. Qxd5 Bb4 24. Re2 Ncd4 25. h6 gxh6 26. Bf6 Rg8 27. e6 fxe6
28. Qd7 Nxe2 29. Kxe2 Qc6 0-1

[Event "Grand Tour Leg 1 Open"]
[Site "Calgary CAN"]
[Date "2023.10.10"]
[Round "5"]
[White "Zhang, Felix"]
[Black "Zhang, James"]
[Result "0-1"]
[WhiteElo "1349"]
[BlackElo "1737"]
[PlyCount "94"]
[EventDate "2023.09.12"]
[EventType "swiss"]
[EventRounds "5"]
[EventCountry "CAN"]

1. e4 c5 2. Nc3 g6 3. d3 Bg7 4. g3 e6 5. f4 Ne7 6. Nf3 d5 7. exd5 exd5 8. d4
cxd4 9. Nxd4 O-O 10. Bg2 Nbc6 11. Nxc6 bxc6 12. O-O Nf5 13. Re1 Re8 14. Bd2 Bd7
15. Rxe8+ Qxe8 16. Kh1 Rb8 17. Na4 Ne3 18. Bxe3 Qxe3 19. c3 Re8 20. Qf3 Bf5 21.
c4 Qd2 22. Rd1 Re1+ 23. Rxe1 Qxe1+ 24. Qf1 Qb4 25. b3 Be6 26. cxd5 Bxd5 27. Qe2
Qd4 28. h3 h5 29. Bxd5 cxd5 30. Qe8+ Bf8 31. Qe2 h4 32. Qg2 hxg3 33. Qxg3 Bd6
34. Nc3 Bxf4 35. Qf3 Be5 36. Nxd5 Qa1+ 37. Kg2 Qxa2+ 38. Qf2 Qxb3 39. Ne7+ Kg7
40. Nc6 Qd5+ 41. Qf3 Qa2+ 42. Qf2 Qxf2+ 43. Kxf2 Bc3 44. Ke2 a5 45. Kd3 Bb4 46.
Kc4 Kh6 47. Nxb4 axb4 0-1

[Event "Greater Vancouver II"]
[Site "Burnaby CAN"]
[Date "2023.06.04"]
[Round "4.2"]
[White "Taylor, Ashton"]
[Black "Yang, Jingyun (Ryan)"]
[Result "1/2-1/2"]
[WhiteElo "1958"]
[BlackElo "2231"]
[PlyCount "98"]
[EventDate "2023.06.03"]
[EventType "swiss"]
[EventRounds "5"]
[EventCountry "CAN"]

1. Nf3 Nf6 2. c4 e6 3. d4 d5 4. g3 Be7 5. Bg2 O-O 6. O-O Nbd7 7. Nbd2 b6 8.
cxd5 exd5 9. Ne5 Bb7 10. Ndf3 Nxe5 11. Nxe5 Qe8 12. b3 Bd6 13. Nc4 Bb4 14. Ba3
Bxa3 15. Nxa3 Ba6 16. Re1 Rd8 17. Rc1 Qe7 18. Nb1 Rfe8 19. e3 c5 20. Nc3 c4 21.
bxc4 Bxc4 22. Bf1 Bxf1 23. Rxf1 Qd7 24. Kg2 Ne4 25. Nxe4 dxe4 26. Qe2 g6 27.
Rc2 Rc8 28. Rfc1 Rxc2 29. Rxc2 h5 30. h3 Rd8 31. Qc4 Kg7 32. Qc7 Kg8 33. a4 Kg7
34. a5 bxa5 35. Qe5+ Kg8 36. Rc7 Qd5 37. Rc8 Qd7 38. Rc7 Qe6 39. Qxe6 fxe6 40.
Rxa7 Rd5 41. g4 hxg4 42. hxg4 e5 43. dxe5 Rxe5 44. f3 exf3+ 45. Kxf3 Kf8 46. e4
Rb5 47. Kf4 g5+ 48. Ke3 Rb3+ 49. Kd4 Rg3 1/2-1/2

[Event "Greater Vancouver II"]
[Site "Burnaby CAN"]
[Date "2023.06.04"]
[Round "5.1"]
[White "Nunez Asencio, Jorge"]
[Black "Aljo, Johan"]
[Result "1-0"]
[WhiteElo "2328"]
[BlackElo "2040"]
[PlyCount "98"]
[EventDate "2023.06.03"]
[EventType "swiss"]
[EventRounds "5"]
[EventCountry "CAN"]

1. d4 d5 2. c4 e6 3. Nc3 Nf6 4. cxd5 exd5 5. Bg5 Be7 6. e3 O-O 7. Bd3 c6 8. Qc2
h6 9. Bf4 Re8 10. Nf3 a5 11. O-O Nbd7 12. Nb5 Nc5 13. Nc7 Nxd3 14. Qxd3 Bg4 15.
Nxa8 Qxa8 16. Ne5 Be6 17. h3 Qc8 18. Rfc1 Bf5 19. Qd1 Ne4 20. g4 Be6 21. f3 Nd6
22. Rc2 f6 23. Ng6 Nc4 24. b3 Nb6 25. Nxe7+ Rxe7 26. Rg2 Bf7 27. Qd2 a4 28. h4
g5 29. hxg5 hxg5 30. Bd6 Re6 31. Bb4 Qe8 32. Kf2 Nd7 33. Rh1 Bg6 34. Rgh2 Kg7
35. Rh6 b6 36. R1h2 c5 37. Bc3 axb3 38. axb3 b5 39. Qc1 b4 40. Bb2 c4 41. bxc4
dxc4 42. Qxc4 Rxe3 43. Rh8 Rxf3+ 44. Kxf3 Qe4+ 45. Kf2 Qf4+ 46. Ke1 Qg3+ 47.
Kd1 Qxg4+ 48. Qe2 Qg1+ 49. Kd2 Nb8 1-0

[Event "Greater Vancouver II"]
[Site "Burnaby CAN"]
[Date "2023.06.04"]
[Round "5.2"]
[White "Yang, Jingyun (Ryan)"]
[Black "Le, Quang Long"]
[Result "1/2-1/2"]
[WhiteElo "2231"]
[BlackElo "2452"]
[PlyCount "139"]
[EventDate "2023.06.03"]
[EventType "swiss"]
[EventRounds "5"]
[EventCountry "CAN"]

1. e4 c6 2. d4 d5 3. exd5 cxd5 4. Bd3 Nc6 5. c3 Qc7 6. Ne2 Bg4 7. Na3 a6 8. Nc2
e6 9. Ne3 Bh5 10. Nf1 Bd6 11. Nfg3 Bg6 12. Ng1 Nf6 13. Nf3 O-O 14. Bxg6 hxg6
15. O-O b5 16. a3 Na5 17. Qc2 Rfc8 18. Re1 Qc4 19. Bg5 Nh7 20. Be3 Qb3 21. Qb1
Nc4 22. Bc1 Bxg3 23. hxg3 Nf6 24. Nd2 Nxd2 25. Bxd2 Ne4 26. Bf4 Rc6 27. f3 Nf6
28. Qa2 Qa4 29. b3 Qa5 30. Bd2 Qc7 31. g4 Rc8 32. Rac1 Nd7 33. a4 e5 34. axb5
axb5 35. Qb1 Re6 36. Qd3 Qb6 37. Kh2 Rce8 38. dxe5 Nxe5 39. Qd4 Qd8 40. g5 Nc6
41. Qh4 Re2 42. Rxe2 Rxe2 43. Bf4 Ne7 44. Bg3 Nf5 45. Qf4 Ne3 46. Bf2 Nf5 47.
Kg1 f6 48. gxf6 Qxf6 49. Qb8+ Kh7 50. Qxb5 Rd2 51. Qb4 d4 52. Qb8 dxc3 53. Qh2+
Kg8 54. Qb8+ Rd8 55. Qc7 Kh7 56. Qc4 Qe5 57. Qe4 Qf6 58. Qc4 Rd2 59. Rxc3 Rd1+
60. Kh2 Nd4 61. f4 Qxf4+ 62. Rg3 Qd6 63. Bxd4 Rxd4 64. Qc3 Rg4 65. Kh3 Re4 66.
Kh2 Rg4 67. Kh3 Re4 68. Kh2 Rh4+ 69. Kg1 Qd1+ 70. Kf2 1/2-1/2

[Event "Intermat"]
[Site "Richmond CAN"]
[Date "2023.04.15"]
[Round "1.1"]
[White "Zhu, Daniel"]
[Black "Liu, Bihe"]
[Result "1-0"]
[WhiteElo "711"]
[BlackElo "797"]
[PlyCount "35"]
[EventDate "2023.04.15"]
[EventType "team"]
[EventRounds "2"]
[EventCountry "CAN"]

1. d4 d5 2. c4 c6 3. Nc3 Na6 4. e4 e6 5. Nf3 Nf6 6. Bd3 Bd6 7. e5 Bxe5 8. dxe5
Nd7 9. cxd5 cxd5 10. O-O O-O 11. Bxh7+ Kxh7 12. Ng5+ Kg8 13. Qh5 Re8 14. Qxf7+
Kh8 15. Qh5+ Kg8 16. Qh7+ Kf8 17. Qh8+ Ke7 18. Qxg7# 1-0

[Event "Ivy League Challenge"]
[Site "Toronto CAN"]
[Date "2023.03.24"]
[Round "1"]
[White "Chen, Richard"]
[Black "Wang, Wesley"]
[Result "0-1"]
[WhiteElo "2272"]
[BlackElo "2312"]
[PlyCount "88"]
[EventDate "2023.03.24"]
[EventType "team"]
[EventRounds "5"]
[EventCountry "CAN"]
[Source "ChessMix"]
[SourceDate "2023.04.01"]
[WhiteTeam "University of Waterloo"]
[BlackTeam "Harvard University"]

1. e4 e5 2. Nf3 Nc6 3. Bc4 Nf6 4. d3 Bc5 5. O-O d6 6. c3 a6 7. a4 Ba7 8. b4 h6
9. Be3 O-O 10. Bxa7 Rxa7 11. Re1 Ne7 12. Nbd2 Ng6 13. Bb3 Ra8 14. d4 Qe7 15.
Bc2 Nh7 16. Nc4 Ng5 17. Ne3 Qf6 18. Nxg5 hxg5 19. b5 Nf4 20. f3 Bd7 21. Rb1
axb5 22. axb5 Ne6 23. Kh1 Rfd8 24. Nd5 Qh6 25. Ne7+ Kf8 26. Nf5 Qf6 27. b6 g6
28. bxc7 Nxc7 29. Ne3 b5 30. Qd2 Kg7 31. Ra1 Qf4 32. Kg1 Rh8 33. g3 Qf6 34.
dxe5 Qxe5 35. Rxa8 Rxa8 36. Rd1 Ra3 37. Qxd6 Qxc3 38. Rd3 Qa1+ 39. Rd1 Qc3 40.
Rd3 Qa1+ 41. Nf1 Bh3 42. Rd1 Qc3 43. Rd3 Ra1 44. Rd1 Qxc2 0-1

[Event "Ivy League Challenge"]
[Site "Toronto CAN"]
[Date "2023.03.24"]
[Round "1"]
[White "Li, Yunshan"]
[Black "Liang, Awonder"]
[Result "0-1"]
[WhiteElo "2294"]
[BlackElo "2643"]
[PlyCount "84"]
[EventDate "2023.03.24"]
[EventType "team"]
[EventRounds "5"]
[EventCountry "CAN"]
[Source "ChessMix"]
[SourceDate "2023.04.01"]
[WhiteTeam "University of Toronto - A"]
[BlackTeam "University of Chicago"]

1. d4 Nf6 2. c4 e6 3. g3 d5 4. Bg2 dxc4 5. Nf3 c6 6. O-O b5 7. a4 Bb7 8. Ne5 a6
9. b3 cxb3 10. Bb2 Be7 11. Nd2 Qb6 12. Nxb3 Nbd7 13. Qc2 Rc8 14. Nd3 O-O 15.
Ndc5 Nxc5 16. dxc5 Qc7 17. e4 e5 18. Bh3 Rce8 19. Bg2 Bc8 20. f4 Ng4 21. Rf3 f5
22. h3 fxe4 23. Qxe4 Bf5 24. Qb4 e4 25. Rff1 Nf6 26. axb5 axb5 27. g4 Be6 28.
Be5 Qc8 29. Nd4 Bc4 30. Rf2 Nd7 31. Bxe4 Bxc5 32. Qc3 Nxe5 33. fxe5 Rxf2 34.
Kxf2 Qc7 35. Re1 Rd8 36. Qc2 Bxd4+ 37. Kg2 g6 38. e6 Rf8 39. Bxg6 Rf2+ 40. Qxf2
Bxf2 41. Bf7+ Kg7 42. Kxf2 Qf4+ 0-1

[Event "Ivy League Challenge"]
[Site "Toronto CAN"]
[Date "2023.03.24"]
[Round "1"]
[White "Ma, Derek"]
[Black "Chandran, Kapil"]
[Result "1-0"]
[WhiteElo "1968"]
[BlackElo "2361"]
[PlyCount "88"]
[EventDate "2023.03.24"]
[EventType "team"]
[EventRounds "5"]
[EventCountry "CAN"]
[Source "ChessMix"]
[SourceDate "2023.04.01"]
[WhiteTeam "University of Toronto - A"]
[BlackTeam "University of Chicago"]

1. e4 c5 2. Nf3 e6 3. d4 cxd4 4. Nxd4 a6 5. Bd3 Bc5 6. Nb3 Be7 7. O-O d6 8. Qe2
Qc7 9. f4 Nd7 10. c4 Ngf6 11. Nc3 b6 12. Kh1 Bb7 13. Be3 O-O 14. Bg1 Rac8 15.
Rae1 g6 16. h3 Rfe8 17. Bh2 Bf8 18. Qf2 Nc5 19. Nxc5 Qxc5 20. Qe2 Bg7 21. Bg1
Qc6 22. Qf2 Nd7 23. Rc1 Nc5 24. Rfd1 Nxd3 25. Rxd3 Qxc4 26. Rxd6 Bxe4 27. Qxb6
Ba8 28. Qe3 e5 29. Ne2 Qxa2 30. Rxc8 Rxc8 31. fxe5 Re8 32. e6 fxe6 33. Nf4 e5
34. Nd3 Qc4 35. Qc5 Qe4 36. Qc2 Kh8 37. Qf2 Rf8 38. Nc5 Qb4 39. Qd2 Qh4 40. Qd3
e4 41. Qe3 Bxb2 42. Ne6 Rc8 43. Rxa6 Be5 44. Qc5 Qxh3+ 1-0

[Event "Ivy League Challenge"]
[Site "Toronto CAN"]
[Date "2023.03.24"]
[Round "1"]
[White "Moon, Ethan"]
[Black "Li, Kyle"]
[Result "1-0"]
[WhiteElo "1698"]
[BlackElo "1777"]
[PlyCount "59"]
[EventDate "2023.03.24"]
[EventType "team"]
[EventRounds "5"]
[EventCountry "CAN"]
[Source "ChessMix"]
[SourceDate "2023.04.01"]
[WhiteTeam "University of Toronto - B"]
[BlackTeam "Princeton University"]

1. e4 e5 2. Nc3 Nf6 3. f4 d6 4. Nf3 Bg4 5. Be2 Bxf3 6. Bxf3 Nc6 7. d3 g6 8. O-O
Bg7 9. Be2 h6 10. Be3 O-O 11. Qd2 Kh7 12. Rf2 Qe7 13. g4 Nd4 14. Raf1 c6 15. g5
Ng8 16. f5 f6 17. fxg6+ Kxg6 18. gxh6 Bxh6 19. Rg2+ Kh7 20. Bh5 Bg7 21. Bg6+
Kh8 22. Rg3 Qd7 23. Qd1 Bh6 24. Qh5 Qg7 25. Bf5 Nxf5 26. Rxg7 Nxe3 27. Rxb7
Rab8 28. Rxb8 Rxb8 29. Rxf6 Ng4 30. Rf7 1-0

[Event "Ivy League Challenge"]
[Site "Toronto CAN"]
[Date "2023.03.24"]
[Round "1"]
[White "Moses, Kole H"]
[Black "Qiao, Cindy"]
[Result "1-0"]
[WhiteElo "1829"]
[BlackElo "1794"]
[PlyCount "159"]
[EventDate "2023.03.24"]
[EventType "team"]
[EventRounds "5"]
[EventCountry "CAN"]
[Source "ChessMix"]
[SourceDate "2023.04.01"]
[WhiteTeam "University of Chicago"]
[BlackTeam "University of Toronto - A"]

1. e4 d5 2. exd5 Qxd5 3. Nc3 Qd6 4. d4 Nf6 5. g3 g6 6. Bg2 Bg7 7. Bf4 Qb6 8.
Nge2 O-O 9. O-O Rd8 10. Na4 Qa5 11. c3 c6 12. b4 Qh5 13. Bc7 Re8 14. Nf4 Qh6
15. Nc5 g5 16. Nfd3 Bh3 17. f4 Bxg2 18. fxg5 Qxg5 19. Kxg2 Nd5 20. Bf4 Qg6 21.
Qf3 Nxc3 22. Bxb8 Raxb8 23. Nf4 Qd6 24. Qxc3 Bxd4 25. Qe1 Bxa1 26. Qxa1 Red8
27. Ncd3 Qd4 28. Qe1 e6 29. Rf2 Rbc8 30. Ne5 Qd1 31. Qe4 Qd4 32. Qe2 Qd1 33.
Qe4 Qd4 34. Qxd4 Rxd4 35. Nxf7 Rxb4 36. Nxe6 Re8 37. Nh6+ Kh8 38. Nf7+ Kg8 39.
Nf4 a5 40. Nh5 Re6 41. Ng5 Rh6 42. Nf6+ Kg7 43. Ne8+ Kg8 44. Nf6+ Kg7 45. Ne6+
Kh8 46. Ne8 Rb2 47. Rxb2 Rxe6 48. Nc7 Re7 49. Rxb7 Re2+ 50. Kf3 Rxh2 51. Ne6 h6
52. a3 Ra2 53. Rb3 a4 54. Rc3 Rd2 55. Nc5 Rd4 56. Ne4 Rd1 57. Rxc6 Rd3+ 58. Kf4
Rxa3 59. Rxh6+ Kg7 60. Ra6 Ra1 61. Kg5 Kf7 62. Ra7+ Ke6 63. Rxa4 Rg1 64. g4 Ke5
65. Nd2 Rg3 66. Ra1 Kd4 67. Re1 Rg2 68. Nf3+ Kd3 69. Nh4 Rg3 70. Nf5 Rg2 71.
Re3+ Kc4 72. Rg3 Rh2 73. Kf6 Kd5 74. g5 Ke4 75. g6 Rf2 76. Rg5 Ra2 77. Nd6+ Kf4
78. Rf5+ Kg4 79. g7 Ra8 80. Rg5+ 1-0

[Event "Ivy League Challenge"]
[Site "Toronto CAN"]
[Date "2023.03.24"]
[Round "1"]
[White "Nakada, Akira"]
[Black "Zhao, Ian"]
[Result "1/2-1/2"]
[WhiteElo "2315"]
[BlackElo "2307"]
[PlyCount "126"]
[EventDate "2023.03.24"]
[EventType "team"]
[EventRounds "5"]
[EventCountry "CAN"]
[Source "ChessMix"]
[SourceDate "2023.04.01"]
[WhiteTeam "Harvard University"]
[BlackTeam "University of Waterloo"]

1. c4 e5 2. Nc3 Nf6 3. Nf3 Nc6 4. e4 Bc5 5. Nxe5 Nxe5 6. d4 Bb4 7. dxe5 Nxe4 8.
Qf3 Nxc3 9. bxc3 Bc5 10. Qg3 g6 11. Bh6 b6 12. Be2 Bb7 13. Rd1 Bf8 14. Bxf8
Rxf8 15. Bf3 Bxf3 16. Qxf3 f6 17. e6 d6 18. O-O Ke7 19. Qh3 Rh8 20. f4 h5 21.
Qf3 a5 22. Rfe1 Qe8 23. Rd4 Rb8 24. Red1 Rh7 25. h4 f5 26. R4d2 Kf8 27. Re1 Re7
28. Rde2 Kg7 29. Qd5 Qf8 30. g3 Qf6 31. Re3 Rbe8 32. a4 Kh6 33. Kh2 Kg7 34. Kh3
Kh6 35. R1e2 Kg7 36. Qd4 Rf8 37. Kg2 Rfe8 38. Kf1 Rf8 39. Ke1 Rfe8 40. Kd2 Rf8
41. Qd5 Rfe8 42. Re1 Kh6 43. Qb5 Kg7 44. Kc2 Kf8 45. Qc6 Kg7 46. Qd5 Kh6 47.
Qb5 Kg7 48. c5 dxc5 49. Qd3 Qf8 50. Re5 Qf6 51. Qd5 Qf8 52. Rd1 Kf6 53. Qc6
Rxe6 54. Qxc7 R8e7 55. Rxe6+ Rxe6 56. Rd7 Qe8 57. Kb3 Qg8 58. Kc2 Qe8 59. Kb3
Qg8 60. Ka3 Qf8 61. Rd8 Qe7 62. Rd7 Qf8 63. Rd8 Qe7 1/2-1/2

[Event "Ivy League Challenge"]
[Site "Toronto CAN"]
[Date "2023.03.24"]
[Round "1"]
[White "Toliver, James"]
[Black "Li, William"]
[Result "0-1"]
[WhiteElo "1839"]
[BlackElo "2106"]
[PlyCount "76"]
[EventDate "2023.03.24"]
[EventType "team"]
[EventRounds "5"]
[EventCountry "CAN"]
[Source "ChessMix"]
[SourceDate "2023.04.01"]
[WhiteTeam "Harvard University"]
[BlackTeam "University of Waterloo"]

1. e4 g6 2. d4 Nf6 3. Nc3 d5 4. e5 Ne4 5. Nce2 f6 6. exf6 Nxf6 7. Nf4 Bg7 8.
Nd3 O-O 9. Nf3 Ne4 10. Be2 c5 11. Nxc5 Nxc5 12. dxc5 Qa5+ 13. c3 Qxc5 14. O-O
Nc6 15. Be3 Qd6 16. Qd2 e5 17. Rad1 Ne7 18. Bg5 Be6 19. Bc4 e4 20. Ne1 Rad8 21.
Nc2 Be5 22. g3 dxc4 23. Qxd6 Bxd6 24. Rxd6 Rxd6 25. Bxe7 Rd2 26. Bxf8 Kxf8 27.
Rc1 Bh3 28. Ne3 Rxb2 29. Nxc4 Rxa2 30. Nd6 e3 31. fxe3 Rg2+ 32. Kh1 Re2 33. c4
a5 34. c5 a4 35. Nc4 Be6 36. Kg1 Bxc4 37. Rxc4 a3 38. Ra4 a2 0-1